000 00516nam a22001217a 4500
008 110707t xxu||||| |||| 00| 0 eng d
010 _aCDOC F-139
245 _aThe Uganda Code Of Judicial Conduct
260 _c2003
999 _c4593
_d4593